00617nam a2200193Ia 450000500170000000800410001702000150005808200090007310000150008224501140009726000590021130000120027065000110028265000130029365000110030694200060031795200850032399900150040820240902050842.0240331s9999 xx 000 0 und d a9555800766 a800  aLawrence,P 4aThe ocean of stories :bchildren's imagination,creativity,and reconcilliation in eastren in eastren Sri Lanka aColombobInternational Centre For Ethnic Studiesc2003 a94 p ., aSocial aCultural aPoetry cL 001040708LaWERCLbWERCLcSSCd2024-03-31l0p6565r2024-03-31w2024-03-31yL c4965d4965